[Event "Bundesliga 9798"]
[Site "Deutschland"]
[Date "1997.??.??"]
[Round "?.3"]
[White "Conquest, Stuart"]
[Black "Kunze, Carlo"]
[Result "1-0"]
[WhiteElo "2500"]
[BlackElo "2340"]
[PlyCount "83"]
[EventDate "1997.10.??"]
[EventType "team"]
[EventRounds "15"]
[EventCountry "GER"]
[SourceTitle "Bundesliga 9798"]
[Source "DeepChess"]
[SourceDate "2005.01.01"]
[SourceVersion "1"]
[SourceVersionDate "2005.01.01"]
[SourceQuality "1"]
[WhiteTeam "SV Castrop Rauxel 1923"]
[BlackTeam "USG Chemnitz"]
[WhiteTeamCountry "GER"]
[BlackTeamCountry "GER"]

1. e4 e5 2. Nf3 Nc6 3. d4 exd4 4. Nxd4 Bc5 5. Nxc6 Qf6 6. Qd2 bxc6 7. Nc3 Ne7
8. Bd3 O-O 9. O-O d6 10. e5 Qe6 11. exd6 Bxd6 12. Re1 Qd7 13. Ne4 Ng6 14. Qa5
Ne5 15. Bf1 Qf5 16. Qc3 Bd7 17. f4 Ng6 18. Nxd6 cxd6 19. Bd3 Qg4 20. Be2 Qf5
21. g4 Qf6 22. Qxf6 gxf6 23. Bd2 Rab8 24. b3 f5 25. g5 Be6 26. Kf2 Rfd8 27.
Rad1 c5 28. c4 Rd7 29. Kg3 Rbd8 30. Ba5 Rb8 31. Bf3 Ne7 32. Rd2 Kf8 33. Red1
Nc8 34. Bc6 Re7 35. Bd8 Rb6 36. Bxb6 axb6 37. Bb5 Ra7 38. Re2 Ke7 39. Bc6 Rc7
40. Bd5 Kd7 41. Bxe6+ fxe6 42. Rde1 1-0

[Event "Bundesliga 9798"]
[Site "Deutschland"]
[Date "1997.??.??"]
[Round "?.4"]
[White "Lorenz, Gerd"]
[Black "Hoffmann, Michael"]
[Result "0-1"]
[WhiteElo "2305"]
[BlackElo "2440"]
[PlyCount "52"]
[EventDate "1997.10.??"]
[EventType "team"]
[EventRounds "15"]
[EventCountry "GER"]
[SourceTitle "Bundesliga 9798"]
[Source "DeepChess"]
[SourceDate "2005.01.01"]
[SourceVersion "1"]
[SourceVersionDate "2005.01.01"]
[SourceQuality "1"]
[WhiteTeam "USG Chemnitz"]
[BlackTeam "SV Castrop Rauxel 1923"]
[WhiteTeamCountry "GER"]
[BlackTeamCountry "GER"]

1. d4 Nf6 2. Bg5 c5 3. Bxf6 gxf6 4. dxc5 Qa5+ 5. Nc3 Bg7 6. e3 f5 7. Nge2 Qxc5
8. g3 e6 9. Bg2 d5 10. O-O Nc6 11. Na4 Qb5 12. c3 Bd7 13. b3 Qa5 14. Qd2 O-O
15. Rfd1 Rac8 16. Nb2 Ne5 17. a4 Qb6 18. Qc2 Rc5 19. Rd4 Rfc8 20. Nd1 Be8 21.
Rb1 Ng4 22. Qd2 R5c7 23. Rb4 Qd6 24. Nf4 Bxc3 25. Nxc3 Qxb4 26. Ne4 Qxd2 0-1

[Event "Bundesliga 9798"]
[Site "Deutschland"]
[Date "1997.??.??"]
[Round "?.5"]
[White "Dinstuhl, Volkmar"]
[Black "Kyas, Juergen"]
[Result "1/2-1/2"]
[WhiteElo "2410"]
[BlackElo "2265"]
[PlyCount "121"]
[EventDate "1997.10.??"]
[EventType "team"]
[EventRounds "15"]
[EventCountry "GER"]
[SourceTitle "Bundesliga 9798"]
[Source "DeepChess"]
[SourceDate "2005.01.01"]
[SourceVersion "1"]
[SourceVersionDate "2005.01.01"]
[SourceQuality "1"]
[WhiteTeam "SV Castrop Rauxel 1923"]
[BlackTeam "USG Chemnitz"]
[WhiteTeamCountry "GER"]
[BlackTeamCountry "GER"]

1. c4 c5 2. Nf3 g6 3. Nc3 Bg7 4. g3 b6 5. Bg2 Bb7 6. O-O Nf6 7. d4 cxd4 8. Qxd4
d6 9. Rd1 Nbd7 10. b3 Rc8 11. Bb2 O-O 12. Qd2 Nc5 13. Nd4 Bxg2 14. Kxg2 Nfe4
15. Nxe4 Nxe4 16. Qe3 Nf6 17. Rac1 Qd7 18. Qf3 Rc5 19. Nb5 Rh5 20. Kg1 Rf5 21.
Qd3 Rh5 22. Bxf6 Bxf6 23. Qf3 Rf5 24. Qg2 a6 25. Nc3 Bxc3 26. Rxc3 Rc8 27. Rd5
Rxd5 28. Qxd5 Qc6 29. Qg5 Rc7 30. Re3 Qd7 31. h4 Kf8 32. Qd5 Qc6 33. Qd4 Kg8
34. h5 Qc5 35. Qe4 Kg7 36. Qa8 gxh5 37. Qxa6 Qb4 38. Qa8 Rc5 39. Qe4 Re5 40.
Qd4 f6 41. Rxe5 dxe5 42. Qd3 Qa5 43. a4 Qb4 44. Kg2 Qc5 45. Qd7 Kh6 46. e3 Qb4
47. Qb5 Qd6 48. Qd5 Qb4 49. a5 bxa5 50. c5 e6 51. Qxe6 Qe4+ 52. f3 Qc2+ 53. Kh3
Kg7 54. Qd7+ Kg6 55. Qe8+ Kg7 56. Qd7+ Kg6 57. c6 Qe2 58. Qe8+ Kh6 59. Qf8+ Kg6
60. Qg8+ Kh6 61. Qf8+ 1/2-1/2

[Event "Bundesliga 9798"]
[Site "Deutschland"]
[Date "1997.??.??"]
[Round "?.6"]
[White "Mirschinka, Dirk"]
[Black "Hennig, Dirk"]
[Result "0-1"]
[WhiteElo "2260"]
[BlackElo "2435"]
[PlyCount "156"]
[EventDate "1997.10.??"]
[EventType "team"]
[EventRounds "15"]
[EventCountry "GER"]
[SourceTitle "Bundesliga 9798"]
[Source "DeepChess"]
[SourceDate "2005.01.01"]
[SourceVersion "1"]
[SourceVersionDate "2005.01.01"]
[SourceQuality "1"]
[WhiteTeam "USG Chemnitz"]
[BlackTeam "SV Castrop Rauxel 1923"]
[WhiteTeamCountry "GER"]
[BlackTeamCountry "GER"]

1. d4 g6 2. e4 Bg7 3. Nf3 c6 4. h3 d5 5. e5 Na6 6. c3 Nc7 7. Bd3 Nh6 8. O-O O-O
9. Na3 f6 10. Re1 Nf7 11. exf6 exf6 12. Nc2 Ne6 13. c4 dxc4 14. Bxc4 Nc7 15.
Ne3 Kh8 16. Bd2 a5 17. a4 Nd6 18. Bb3 Ne4 19. Bc1 Re8 20. Qc2 Na6 21. Bd2 Nxd2
22. Qxd2 Bh6 23. d5 Nc5 24. Bc2 cxd5 25. Qd4 Bxe3 26. Rxe3 Rxe3 27. Qxe3 Ne6
28. Rd1 Ra6 29. Qh6 Kg8 30. h4 Nf8 31. Bb3 Rd6 32. Nd4 Bd7 33. Qf4 Be8 34. Nb5
Bxb5 35. axb5 Ne6 36. Qf3 Kh8 37. Bxd5 Nc7 38. Bb3 Rxd1+ 39. Bxd1 Nxb5 40. Be2
Nd4 41. Qe4 Nxe2+ 42. Qxe2 Kg7 43. g3 Qd7 44. Qe3 b5 45. Qc3 a4 46. Qc5 h5 47.
Kh2 Qb7 48. Qb4 Kf7 49. Kg1 Qd5 50. Qa5 Qc6 51. Qb4 Ke6 52. Qe1+ Kd7 53. Qb1 f5
54. Qd3+ Kc7 55. Qd4 Kb7 56. Kh2 Ka6 57. Qb4 Kb6 58. Qd2 Qc5 59. Qd8+ Kc6 60.
Qe8+ Kd5 61. Qg8+ Ke4 62. Kg2 Qc6 63. Qd8 Qd5 64. f3+ Kd4 65. Qb6+ Kd3 66. Qxg6
Qe5 67. Kh3 Qxb2 68. Qxf5+ Ke2 69. Qxh5 a3 70. f4+ Ke1 71. Qe8+ Qe2 72. Qh8
Qe6+ 73. Kg2 Qd5+ 74. Kh3 a2 75. Qa1+ Kd2 76. Qb2+ Kd1 77. Kg4 Ke1 78. Kh3 Qe6+
0-1

[Event "Bundesliga 9798"]
[Site "Deutschland"]
[Date "1997.??.??"]
[Round "?.7"]
[White "Hermesmann, Hans"]
[Black "Helbig, Uwe"]
[Result "1-0"]
[WhiteElo "2280"]
[BlackElo "2240"]
[PlyCount "67"]
[EventDate "1997.10.??"]
[EventType "team"]
[EventRounds "15"]
[EventCountry "GER"]
[SourceTitle "Bundesliga 9798"]
[Source "DeepChess"]
[SourceDate "2005.01.01"]
[SourceVersion "1"]
[SourceVersionDate "2005.01.01"]
[SourceQuality "1"]
[WhiteTeam "SV Castrop Rauxel 1923"]
[BlackTeam "USG Chemnitz"]
[WhiteTeamCountry "GER"]
[BlackTeamCountry "GER"]

1. d4 d6 2. e4 Nf6 3. f3 e5 4. d5 g6 5. c4 Nxe4 6. fxe4 Qh4+ 7. Ke2 Qxe4+ 8.
Kf2 Be7 9. Nf3 Qf5 10. Bd3 Qh5 11. Be2 Qf5 12. Kg1 g5 13. Nc3 g4 14. Bd3 Qh5
15. Nd2 Qg5 16. Nf1 Qh4 17. g3 Qh3 18. Ne3 Rg8 19. Qc2 Na6 20. Bxh7 Rg5 21. Be4
Qh5 22. Ng2 Rg7 23. b4 f5 24. Bd3 Bd7 25. a3 Kf8 26. Qe2 Qf7 27. Bd2 Kg8 28.
Rf1 Rd8 29. Bh6 Qg6 30. Bxg7 Kxg7 31. h4 Bf6 32. Nb5 Qh5 33. Bxf5 Bxf5 34. Qf2
1-0

[Event "Bundesliga 9798"]
[Site "Deutschland"]
[Date "1997.??.??"]
[Round "?.8"]
[White "Ahner, Andreas"]
[Black "Hille, Ralph Ingo"]
[Result "0-1"]
[WhiteElo "2250"]
[BlackElo "2235"]
[PlyCount "210"]
[EventDate "1997.10.??"]
[EventType "team"]
[EventRounds "15"]
[EventCountry "GER"]
[SourceTitle "Bundesliga 9798"]
[Source "DeepChess"]
[SourceDate "2005.01.01"]
[SourceVersion "1"]
[SourceVersionDate "2005.01.01"]
[SourceQuality "1"]
[WhiteTeam "USG Chemnitz"]
[BlackTeam "SV Castrop Rauxel 1923"]
[WhiteTeamCountry "GER"]
[BlackTeamCountry "GER"]

1. d4 d5 2. Nf3 Bf5 3. c4 e6 4. Nc3 c6 5. e3 Nd7 6. Be2 Bd6 7. O-O Ngf6 8. c5
Bc7 9. b4 Ne4 10. Bb2 a6 11. Qe1 O-O 12. Kh1 Qe7 13. Nxe4 dxe4 14. Nd2 e5 15.
Nc4 exd4 16. Bxd4 Qg5 17. Qc3 Rae8 18. f4 exf3 19. Bxf3 Qh4 20. Nd6 Bxd6 21.
cxd6 Qg5 22. Rae1 Be4 23. Re2 Qg6 24. Ref2 Re6 25. Bxe4 Rxe4 26. h3 f6 27. Qd2
Rfe8 28. Rf3 Qf7 29. Ba1 Qe6 30. Re1 Nb6 31. Rg3 Nd5 32. a3 Qxd6 33. Qf2 R8e7
34. Bd4 Re8 35. Rg4 Qe6 36. Rxe4 Qxe4 37. Qg3 h6 38. Qd6 Qe7 39. Qg3 Kh8 40. e4
Nc7 41. e5 Qd7 42. Bb2 Nd5 43. exf6 Rxe1+ 44. Qxe1 Nxf6 45. Bxf6 gxf6 46. Qh4
Kg7 47. Qg3+ Kf7 48. Qe3 h5 49. Qc5 Kg6 50. Qc2+ Qf5 51. Qe2 Kf7 52. Qe3 Qe5
53. Qd3 Qa1+ 54. Kh2 Qe5+ 55. Kh1 Ke6 56. Qb3+ Kd6 57. Qd3+ Kc7 58. Kg1 a5 59.
Qb3 axb4 60. axb4 Qd4+ 61. Kf1 Kb6 62. Qa3 Kb5 63. Qa5+ Kc4 64. Qxh5 Kxb4 65.
Qh7 b5 66. h4 Kc3 67. h5 b4 68. h6 b3 69. Qf5 Qd1+ 70. Kf2 Qd2+ 71. Kf3 Qxh6
72. Qc5+ Kb2 73. Qd4+ Kb1 74. Qe4+ Ka2 75. Qa4+ Kb2 76. Qd4+ Ka3 77. Qa1+ Kb4
78. Qd4+ Kb5 79. Qd3+ Kc5 80. Qc3+ Kd6 81. Qd3+ Kc7 82. Qxb3 Qh5+ 83. Kf2 Qc5+
84. Kg3 Qe5+ 85. Kh3 c5 86. Qf7+ Kc6 87. Qa7 Kd5 88. Qd7+ Kc4 89. Qa4+ Kd5 90.
Qd7+ Qd6 91. Qb7+ Kd4 92. Qb2+ Kd5 93. Qb7+ Ke6 94. Qc8+ Kf7 95. Qb7+ Qe7 96.
Qb5 Qe6+ 97. Kg3 c4 98. Qb7+ Kg6 99. Kf3 Qf5+ 100. Ke3 Qd3+ 101. Kf4 c3 102.
Qc6 Qd2+ 103. Kg4 Qe2+ 104. Kf4 c2 105. Qc3 Qe5+ 0-1

[Event "Bundesliga 9798"]
[Site "Deutschland"]
[Date "1998.??.??"]
[Round "?.1"]
[White "McShane, Luke J"]
[Black "Poldauf, Dirk"]
[Result "1-0"]
[WhiteElo "2455"]
[BlackElo "2455"]
[PlyCount "147"]
[EventDate "1997.10.??"]
[EventType "team"]
[EventRounds "15"]
[EventCountry "GER"]
[SourceTitle "Bundesliga 9798"]
[Source "DeepChess"]
[SourceDate "2005.01.01"]
[SourceVersion "1"]
[SourceVersionDate "2005.01.01"]
[SourceQuality "1"]
[WhiteTeam "SV Erfurt West 90"]
[BlackTeam "SV Empor Berlin e.V."]
[WhiteTeamCountry "GER"]
[BlackTeamCountry "GER"]

1. e4 e6 2. d4 d5 3. Nd2 Nf6 4. e5 Nfd7 5. f4 c5 6. c3 Nc6 7. Ndf3 Qb6 8. g3 a5
9. Ne2 a4 10. a3 Ndb8 11. Bh3 Bd7 12. O-O Na5 13. f5 exf5 14. Nf4 Nb3 15. Nxd5
Qc6 16. Nf4 Nxa1 17. d5 Qb6 18. e6 fxe6 19. Ne5 c4+ 20. Kh1 g6 21. Re1 Qb3 22.
Qe2 Nc2 23. Nxd7 Nxe1 24. Qxe6+ Kd8 25. Ne5 Qd1 26. Nf7+ Kc7 27. d6+ Kb6 28.
d7+ Nc6 29. Be3+ Ka5 30. Nxh8 Nf3+ 31. Kg2 Ng5 32. Qe8 Qf3+ 33. Kg1 Nxh3+ 34.
Nxh3 Rd8 35. Nf2 Qd5 36. Bg5 Rxd7 37. Qa8+ Na7 38. Qxa7+ Kb5 39. Be3 Rd6 40.
Nf7 Re6 41. Ng5 Ra6 42. Qb8 Bc5 43. Bxc5 Kxc5 44. Qc7+ Kb5 45. Qxh7 Rb6 46. Qh8
Ka5 47. Qa8+ Ra6 48. Qe8 Rb6 49. Qe2 Qb5 50. Nd1 Qc5+ 51. Kf1 Rd6 52. Nf3 b5
53. Nd4 Qd5 54. Nf2 g5 55. Qe7 f4 56. Qa7+ Ra6 57. Qc7+ Rb6 58. gxf4 gxf4 59.
Qxf4 Rg6 60. h4 Rg7 61. Qf6 Qg2+ 62. Ke2 Rh7 63. Qd8+ Ka6 64. Qd6+ Kb7 65. Qc5
Ka8 66. Nxb5 Kb8 67. Qb6+ Ka8 68. Qd8+ Kb7 69. Nd6+ Ka7 70. Nxc4 Rf7 71. Qd4+
Kb8 72. Ne5 Rb7 73. Ned3 Re7+ 74. Kd2 1-0

[Event "Bundesliga 9798"]
[Site "Deutschland"]
[Date "1998.??.??"]
[Round "?.2"]
[White "Volke, Karsten"]
[Black "Votava, Jan"]
[Result "1/2-1/2"]
[WhiteElo "2455"]
[BlackElo "2515"]
[PlyCount "82"]
[EventDate "1997.10.??"]
[EventType "team"]
[EventRounds "15"]
[EventCountry "GER"]
[SourceTitle "Bundesliga 9798"]
[Source "DeepChess"]
[SourceDate "2005.01.01"]
[SourceVersion "1"]
[SourceVersionDate "2005.01.01"]
[SourceQuality "1"]
[WhiteTeam "SV Empor Berlin e.V."]
[BlackTeam "SV Erfurt West 90"]
[WhiteTeamCountry "GER"]
[BlackTeamCountry "GER"]

1. d4 Nf6 2. c4 e6 3. Nf3 Bb4+ 4. Nbd2 Nc6 5. a3 Bxd2+ 6. Bxd2 d6 7. Qc2 e5 8.
d5 Ne7 9. e4 O-O 10. Be2 Ne8 11. O-O f5 12. exf5 Bxf5 13. Qb3 b6 14. Nh4 Bd7
15. Qg3 Nf5 16. Nxf5 Bxf5 17. f4 exf4 18. Rxf4 g6 19. Bc3 Ng7 20. Qf2 Qe7 21.
g4 Bd7 22. Rf1 Rae8 23. Rxf8+ Rxf8 24. Qxf8+ Qxf8 25. Rxf8+ Kxf8 26. Kf2 Kf7
27. Ke3 Ne8 28. Bf3 Nf6 29. h3 Ba4 30. b4 Bb3 31. g5 Nh5 32. Bxh5 gxh5 33. Kd3
h4 34. Be1 Kg6 35. Bxh4 a6 36. Kd4 Ba4 37. c5 bxc5+ 38. bxc5 Bd7 39. cxd6 cxd6
40. Bg3 Bxh3 41. Bxd6 Kxg5 1/2-1/2

[Event "Bundesliga 9798"]
[Site "Deutschland"]
[Date "1998.??.??"]
[Round "?.3"]
[White "Casper, Thomas"]
[Black "Hetey, Laszlo"]
[Result "1/2-1/2"]
[WhiteElo "2415"]
[BlackElo "2345"]
[PlyCount "33"]
[EventDate "1997.10.??"]
[EventType "team"]
[EventRounds "15"]
[EventCountry "GER"]
[SourceTitle "Bundesliga 9798"]
[Source "DeepChess"]
[SourceDate "2005.01.01"]
[SourceVersion "1"]
[SourceVersionDate "2005.01.01"]
[SourceQuality "1"]
[WhiteTeam "SV Erfurt West 90"]
[BlackTeam "SV Empor Berlin e.V."]
[WhiteTeamCountry "GER"]
[BlackTeamCountry "GER"]

1. e4 c5 2. Nf3 e6 3. d3 d5 4. Nbd2 Nc6 5. Be2 Nf6 6. O-O Be7 7. c3 Qc7 8. Re1
O-O 9. Bf1 dxe4 10. dxe4 Ng4 11. Nc4 Rd8 12. Qc2 Nce5 13. Nfxe5 Nxe5 14. Nxe5
Qxe5 15. g3 Qc7 16. Bf4 e5 17. Be3 1/2-1/2

[Event "Bundesliga 9798"]
[Site "Deutschland"]
[Date "1998.??.??"]
[Round "?.4"]
[White "Thinius, Marco"]
[Black "Kuczynski, Robert"]
[Result "0-1"]
[WhiteElo "2310"]
[BlackElo "2495"]
[PlyCount "136"]
[EventDate "1997.10.??"]
[EventType "team"]
[EventRounds "15"]
[EventCountry "GER"]
[SourceTitle "Bundesliga 9798"]
[Source "DeepChess"]
[SourceDate "2005.01.01"]
[SourceVersion "1"]
[SourceVersionDate "2005.01.01"]
[SourceQuality "1"]
[WhiteTeam "SV Empor Berlin e.V."]
[BlackTeam "SV Erfurt West 90"]
[WhiteTeamCountry "GER"]
[BlackTeamCountry "GER"]

1. e4 c5 2. Nf3 d6 3. d4 cxd4 4. Nxd4 Nf6 5. Nc3 a6 6. Bg5 e6 7. f4 Nbd7 8. Qf3
Qc7 9. O-O-O b5 10. Bxf6 Nxf6 11. e5 Bb7 12. Qh3 dxe5 13. Ncxb5 Qb6 14. fxe5
Ne4 15. Bc4 Be7 16. Nd6+ Bxd6 17. exd6 O-O 18. Rhf1 Nxd6 19. Bb3 Ne4 20. Qh5 a5
21. a3 Rab8 22. Qb5 Qxb5 23. Nxb5 Nc5 24. Bc4 Bxg2 25. Rf2 Bc6 26. Nd4 Bb7 27.
Nb3 Ne4 28. Re2 a4 29. Na5 Ba8 30. Rd7 Rb6 31. Ra7 Nd6 32. Bd3 Nb5 33. Rd7 Nd6
34. Ra7 Rc8 35. Kd2 Rxb2 36. Ke1 Rb6 37. Rf2 g6 38. Nc4 Nxc4 39. Rfxf7 Rb7 40.
Rxa8 Kxf7 41. Rxc8 Nxa3 42. Be4 Rb1+ 43. Kd2 Rg1 44. Rc7+ Kf6 45. Rxh7 Nc4+ 46.
Kc3 Nd6 47. Bc6 Rg4 48. Kb2 Rc4 49. Bg2 a3+ 50. Kxa3 Rxc2 51. Bf1 Nf5 52. Kb4
Ne3 53. Kb3 Rf2 54. Bb5 Ng4 55. h4 Rf3+ 56. Kc2 Rh3 57. Be8 Ne3+ 58. Kd2 Nf5
59. h5 g5 60. Ke2 g4 61. Bg6 Kg5 62. Kf2 Ra3 63. Rb7 g3+ 64. Kg1 Nh4 65. Rb5+
Kg4 66. Be4 Ra1+ 67. Bb1 Kh3 68. Kh1 g2+ 0-1

[Event "Bundesliga 9798"]
[Site "Deutschland"]
[Date "1998.??.??"]
[Round "?.5"]
[White "Mueller, Matthias"]
[Black "Richter, Michael"]
[Result "1-0"]
[WhiteElo "2400"]
[BlackElo "2370"]
[PlyCount "73"]
[EventDate "1997.10.??"]
[EventType "team"]
[EventRounds "15"]
[EventCountry "GER"]
[SourceTitle "Bundesliga 9798"]
[Source "DeepChess"]
[SourceDate "2005.01.01"]
[SourceVersion "1"]
[SourceVersionDate "2005.01.01"]
[SourceQuality "1"]
[WhiteTeam "SV Erfurt West 90"]
[BlackTeam "SV Empor Berlin e.V."]
[WhiteTeamCountry "GER"]
[BlackTeamCountry "GER"]

1. e4 c5 2. Nf3 Nc6 3. d4 cxd4 4. Nxd4 Nf6 5. Nc3 e5 6. Ndb5 d6 7. Bg5 a6 8.
Na3 b5 9. Bxf6 gxf6 10. Nd5 Bg7 11. Bd3 Ne7 12. Nxe7 Qxe7 13. O-O f5 14. c4 O-O
15. Qh5 Rb8 16. exf5 e4 17. Rae1 Bb7 18. Re3 Bxb2 19. Bxe4 Bxe4 20. Qg4+ Kh8
21. Rxe4 Qf6 22. Nc2 bxc4 23. Rxc4 d5 24. Rb4 d4 25. Qf4 Rb5 26. Rxb5 axb5 27.
Nb4 Rd8 28. Nd3 Ba3 29. Re1 Bf8 30. g3 Qd6 31. Re5 b4 32. Qe4 Qa6 33. Re8 Rxe8
34. Qxe8 Kg7 35. Ne5 Qxa2 36. f6+ Kg8 37. Nd7 1-0

[Event "Bundesliga 9798"]
[Site "Deutschland"]
[Date "1998.??.??"]
[Round "?.6"]
[White "Apel, Stefan"]
[Black "Renner, Christoph"]
[Result "0-1"]
[WhiteElo "2305"]
[BlackElo "2415"]
[PlyCount "48"]
[EventDate "1997.10.??"]
[EventType "team"]
[EventRounds "15"]
[EventCountry "GER"]
[SourceTitle "Bundesliga 9798"]
[Source "DeepChess"]
[SourceDate "2005.01.01"]
[SourceVersion "1"]
[SourceVersionDate "2005.01.01"]
[SourceQuality "1"]
[WhiteTeam "SV Empor Berlin e.V."]
[BlackTeam "SV Erfurt West 90"]
[WhiteTeamCountry "GER"]
[BlackTeamCountry "GER"]

1. c4 f5 2. Nc3 Nf6 3. g3 d6 4. Bg2 g6 5. e3 Bg7 6. Nge2 O-O 7. O-O c6 8. b3
Na6 9. Bb2 e5 10. d3 Be6 11. Qd2 Qd7 12. Rae1 d5 13. cxd5 Nxd5 14. Rd1 Rad8 15.
Ba3 Rfe8 16. Na4 b6 17. e4 fxe4 18. dxe4 Nc3 19. Qxc3 Qxd1 20. Nc1 Qd7 21. Qc2
Nc7 22. Bb2 Nb5 23. Nc3 Qd2 24. Qxd2 Rxd2 0-1

[Event "Bundesliga 9798"]
[Site "Deutschland"]
[Date "1998.??.??"]
[Round "?.8"]
[White "Kimpinsky, Frank"]
[Black "Voekler, Bernd"]
[Result "0-1"]
[WhiteElo "2270"]
[BlackElo "2395"]
[PlyCount "48"]
[EventDate "1997.10.??"]
[EventType "team"]
[EventRounds "15"]
[EventCountry "GER"]
[SourceTitle "Bundesliga 9798"]
[Source "DeepChess"]
[SourceDate "2005.01.01"]
[SourceVersion "1"]
[SourceVersionDate "2005.01.01"]
[SourceQuality "1"]
[WhiteTeam "SV Empor Berlin e.V."]
[BlackTeam "SV Erfurt West 90"]
[WhiteTeamCountry "GER"]
[BlackTeamCountry "GER"]

1. e4 e6 2. d4 d5 3. e5 c5 4. c3 Nc6 5. Nf3 Qb6 6. Be2 cxd4 7. cxd4 Nh6 8. b3
Nf5 9. Bb2 Bd7 10. g4 Nfe7 11. Nc3 Ng6 12. Qd2 f6 13. Bd3 fxe5 14. Bxg6+ hxg6
15. Qg5 Rh6 16. Nxe5 Be7 17. Qf4 Nxe5 18. dxe5 Rh3 19. Ne2 g5 20. Qc1 Qb4+ 21.
Kf1 Bb5 22. Qc7 Bxe2+ 23. Kxe2 Qe4+ 24. Kd2 Bb4+ 0-1

[Event "Bundesliga 9798"]
[Site "Deutschland"]
[Date "1998.??.??"]
[Round "?.2"]
[White "Kupreichik, Viktor D"]
[Black "Muse, Mladen"]
[Result "1-0"]
[WhiteElo "2500"]
[BlackElo "2460"]
[PlyCount "105"]
[EventDate "1997.10.??"]
[EventType "team"]
[EventRounds "15"]
[EventCountry "GER"]
[SourceTitle "Bundesliga 9798"]
[Source "DeepChess"]
[SourceDate "2005.01.01"]
[SourceVersion "1"]
[SourceVersionDate "2005.01.01"]
[SourceQuality "1"]
[WhiteTeam "SVG Plettenberg"]
[BlackTeam "SV Empor Berlin e.V."]
[WhiteTeamCountry "GER"]
[BlackTeamCountry "GER"]

1. e4 c5 2. Nc3 Nc6 3. Nf3 e5 4. Bc4 d6 5. d3 Be7 6. O-O Nf6 7. Ng5 O-O 8. f4
exf4 9. Bxf4 h6 10. Nf3 Be6 11. Qd2 d5 12. exd5 Nxd5 13. Bxd5 Bxd5 14. Rae1 Bf6
15. Kh1 Bxf3 16. Rxf3 Nd4 17. Rff1 Ne6 18. Be5 Bh4 19. g3 Be7 20. Qg2 Bd6 21.
Nd5 Bxe5 22. Rxe5 Qd6 23. Rfe1 b5 24. Qe4 Kh8 25. Nf4 Nxf4 26. gxf4 Rad8 27.
Re3 a6 28. Kg2 Qf6 29. c3 b4 30. Rxc5 bxc3 31. bxc3 Qb6 32. Qb4 Qg6+ 33. Rg3
Qe6 34. Qb2 Rb8 35. Qf2 Rb1 36. Re3 Qg4+ 37. Rg3 Qe6 38. f5 Qb6 39. Kh3 Rb2 40.
Qd4 f6 41. Qd7 Rg8 42. Rc8 Rxh2+ 43. Kxh2 Qf2+ 44. Kh3 Qf1+ 45. Rg2 Qf3+ 46.
Kh2 Qf4+ 47. Kg1 Qc1+ 48. Kf2 Qd2+ 49. Kf3 Qd1+ 50. Re2 Qf1+ 51. Ke3 Qc1+ 52.
Kd4 Qf4+ 53. Kc5 1-0

[Event "Bundesliga 9798"]
[Site "Deutschland"]
[Date "1998.??.??"]
[Round "?.3"]
[White "Poldauf, Dirk"]
[Black "Danner, Georg"]
[Result "1/2-1/2"]
[WhiteElo "2455"]
[BlackElo "2415"]
[PlyCount "121"]
[EventDate "1997.10.??"]
[EventType "team"]
[EventRounds "15"]
[EventCountry "GER"]
[SourceTitle "Bundesliga 9798"]
[Source "DeepChess"]
[SourceDate "2005.01.01"]
[SourceVersion "1"]
[SourceVersionDate "2005.01.01"]
[SourceQuality "1"]
[WhiteTeam "SV Empor Berlin e.V."]
[BlackTeam "SVG Plettenberg"]
[WhiteTeamCountry "GER"]
[BlackTeamCountry "GER"]

1. c4 e5 2. Nc3 g6 3. Nf3 Bg7 4. d4 exd4 5. Nxd4 Ne7 6. g3 Nbc6 7. Nxc6 Nxc6 8.
Bg2 O-O 9. O-O d6 10. Qd2 a5 11. Rb1 a4 12. b3 axb3 13. axb3 Bf5 14. e4 Be6 15.
Nb5 Na7 16. Nd4 Nc6 17. Ne2 Bg4 18. f3 Bd7 19. Bb2 Be6 20. Bxg7 Kxg7 21. f4 f5
22. Nc3 Qf6 23. Rbd1 Rae8 24. Rfe1 h6 25. Re3 Bf7 26. h3 g5 27. Nd5 Bxd5 28.
cxd5 Nd8 29. exf5 gxf4 30. Rxe8 Rxe8 31. Qxf4 Nf7 32. h4 Ne5 33. Rf1 c5 34.
dxc6 bxc6 35. b4 Kh7 36. Kh1 Rg8 37. Ra1 Rg7 38. Rb1 Re7 39. b5 cxb5 40. Rxb5
Rg7 41. Rb1 Rc7 42. Rb7 Rxb7 43. Bxb7 Nd3 44. Qf3 Qa1+ 45. Kh2 Qb2+ 46. Qg2
Qxg2+ 47. Kxg2 Ne5 48. Kf2 Kg7 49. Ke3 Kf6 50. Ke4 Nd7 51. Kf4 Nc5 52. Bd5 Nd3+
53. Ke3 Kxf5 54. Kxd3 Kg4 55. h5 Kxg3 56. Ke4 Kg4 57. Bf7 d5+ 58. Kxd5 Kf5 59.
Kd6 Kf6 60. Bg6 Kg7 61. Ke7 1/2-1/2

[Event "Bundesliga 9798"]
[Site "Deutschland"]
[Date "1998.??.??"]
[Round "?.4"]
[White "Luecke, Norbert"]
[Black "Volke, Karsten"]
[Result "1/2-1/2"]
[WhiteElo "2375"]
[BlackElo "2455"]
[PlyCount "107"]
[EventDate "1997.10.??"]
[EventType "team"]
[EventRounds "15"]
[EventCountry "GER"]
[SourceTitle "Bundesliga 9798"]
[Source "DeepChess"]
[SourceDate "2005.01.01"]
[SourceVersion "1"]
[SourceVersionDate "2005.01.01"]
[SourceQuality "1"]
[WhiteTeam "SVG Plettenberg"]
[BlackTeam "SV Empor Berlin e.V."]
[WhiteTeamCountry "GER"]
[BlackTeamCountry "GER"]

1. Nf3 Nf6 2. g3 g6 3. Bg2 Bg7 4. O-O O-O 5. d4 d6 6. a4 a5 7. Nc3 Nc6 8. h3 e5
9. dxe5 dxe5 10. e4 Be6 11. Be3 Qc8 12. Kh2 Bc4 13. Re1 Rd8 14. Qc1 Ne8 15. Nb5
Qd7 16. Bf1 Bxf1 17. Rxf1 Nb4 18. c3 Nd3 19. Qc2 Qc6 20. Rfd1 Nc5 21. Nd2 Ne6
22. Nb3 b6 23. Rd2 Qc4 24. Rxd8 Rxd8 25. Nd2 Qe2 26. Qd1 Qxd1 27. Rxd1 f5 28.
exf5 gxf5 29. f4 Bh6 30. Re1 exf4 31. gxf4 Rd3 32. Nf1 N8g7 33. Nd4 Nxd4 34.
Bxd4 Bxf4+ 35. Kg2 Bd6 36. Re2 Nh5 37. Re3 Rd1 38. Re8+ Kf7 39. Rh8 Nf4+ 40.
Kf2 h5 41. Ne3 Rd2+ 42. Kf3 Ne6 43. Rxh5 f4 44. Nc4 Nxd4+ 45. cxd4 Rxd4 46.
Nxd6+ cxd6 47. Rf5+ Ke6 48. Rxf4 Rd3+ 49. Kg4 Rb3 50. h4 Rxb2 51. h5 Rg2+ 52.
Kh3 Rg8 53. h6 d5 54. Rh4 1/2-1/2